La muerte de la tórtola (Registro nro. 26330)

Detalles MARC
000 -CABECERA
Longitud fija campo de control 00648nam a22002051 4500
003 - IDENTIFICADOR DELl NÚMERO DE CONTROL
Identificador del número de control OSt
005 - FECHA Y HORA DE LA ÚLTIMA TRANSACCIÓN
Fecha y hora de la última transacción 20161021105123.0
008 - CÓDIGOS DE INFORMACIÓN DE LONGITUD FIJA
Códigos de información de longitud fija 960722s1977 es spa
040 ## - FUENTE DE LA CATALOGACIÓN
Centro transcriptor CRI
082 ## - NÚMERO DE LA CLASIFICACIÓN DECIMAL DEWEY
Númeroo de clasificación 863.99224
100 1# - PUNTO DE ACCESO PRINCIPAL-NOMBRE DE PERSONA
Nombre de persona Peralta Lagos, José María
9 (RLIN) 31155
Fechas asociadas al nombre 1873-1944
245 13 - MENCIÓN DE TÍTULO
Título La muerte de la tórtola
Resto del título : o Malandanzas de un corresponsal
Mención de responsabilidad, etc. José María Peralta Lagos
250 ## - MENCIÓN DE EDICIÓN
Mención de edición 4ª ed
260 ## - PUBLICACIÓN, DISTRIBUCIÓN, ETC. (PIE DE IMPRENTA)
Lugar de publicación, distribución, etc. San Salvador
Nombre del editor, distribuidor, etc. CONCULTURA
Fecha de publicación, distribución, etc. 1997
300 ## - DESCRIPCIÓN FÍSICA
Extensión 176 p.
Dimensiones 21 cm
490 0# - MENCIÓN DE SERIE
Mención de serie Biblioteca Básica de Literatura Salvadoreña
Designación de volumen o secuencia 11
500 ## - NOTA GENERAL
Nota general Índice: p. 175
650 24 - PUNTO DE ACCESO ADICIONAL DE MATERIA - TÉRMINO DE MATERIA
9 (RLIN) 29546
Término de materia o nombre geográfico como elemento inicial Novela salvadoreña
942 ## - ENTRADA DE ELEMENTOS AGREGADOS (KOHA)
Fuente de clasificaión o esquema Dewey Decimal Classification
Koha [por defecto] tipo de item 1- Monografias
Parte de clasificación prozim
Existencias
Suprimido Perdido Fuente de clasificación o esquema Estropeado Restricciones de uso No para préstamo Código de colección Localización permanente Localización actual Localización en estanter&íacute;as Fecha adquisición Fuente de adquisición Número de inventario Préstamos totales Signatura completa Código de barras Fecha última consulta Fecha último préstamo Fecha del precio de reemplazo Tipo de item de Koha
NULL NULL Dewey Decimal Classification NULL Prestable NULL NULL Biblioteca Centro Regional de Ilobasco Biblioteca Centro Regional de Ilobasco Sala Principal 22/01/2011 CRI LI002438 1 N PER mue 1039094 11/03/2026 10/03/2026 21/10/2016 1- Monografias